000 01093cam a22003254a 4500
001 13799536
005 20260417061036.0
008 041123s2006 paua b 001 0 eng
010 _a 2004027850
020 _a0781749727
020 _a97807817496267
035 _a13799536
035 _a(DNLM)101234751
040 _aDNLM/DLC
_cDLC
_dDLC
042 _apcc
050 0 0 _aRT81.5
_b.P63 2001
100 1 _aPolit, Denise F.
245 1 0 _aEssentials of nursing research : methods, appraisal, and utilization /
250 _a6th ed.
260 _aPhiladelphia :
_bLippincott Williams & Wilkins,
_cc2006.
300 _axii, 554 p. :
_bill. ;
_c23 cm. +
_e1 CD-ROM
504 _aIncludes bibliographical references and index.
650 0 _aNursing
_xResearch.
650 1 2 _aNursing Research.
700 1 _aBeck, Cheryl Tatano.
906 _a7
_bcbc
_corignew
_d1
_eecip
_f20
_gy-gencatlg
942 _2lcc
_cBK
999 _c60364
_d60364